Pharaonen, die man kennen sollte - Statistiken

Allgemein
  • Dieses Quiz wurde 60 mal gespielt
  • Das Durchschnittsergebnis liegt bei 5 aus 15
Antwortstatistiken
Beschreibung Epoche Antwort % Korrekt
Starb mit etwa 18 Jahren, jedoch ist sein Grab eines der am besten erhaltenen Neues Reich Tutanchamun
74%
Seine Pyramide war über Jahrtausende hinweg das höchste Bauwerk der Welt Altes Reich Cheops
70%
Regierte 66 Jahre, schloss den ersten Friedensvertrag der Geschichte und gilt als Anwärter für den Pharao im Buch Exodus Neues Reich Ramses II.
63%
Betete den Sonnengott Aton an und schaffte dafür alle anderen Götter ab Neues Reich Echnaton
60%
Stellvertretende Regentin ihres Stiefsohns, ließ sich in fast allen Abbildungen als Mann darstellen und viele Tempel errichten, viele ihrer Abbildungen wurden nach ihrem Tod zerstört Neues Reich Hatschepsut
44%
Letzte Pharaonin, die Beziehungen mit Julius Caesar und Marcus Antonius hatte Hellenistische Zeit Kleopatra VII.
35%
Für ihn wurde die erste ägyptische Pyramide in Sakkara errichtet Altes Reich Djoser
30%
Erster griechischer Pharao, der das Perserreich stürzte und mit 36 Jahren starb Hellenistische Zeit Alexander der Große
28%
Vereinigte Ober- und Unterägypten und begründete die 1. Dynastie Frühdynastische Zeit Narmer / Menes
19%
Expandierte das Ägyptische Reich nördlich bis nach Syrien und südlich bis nach Assuan Neues Reich Thutmosis III.
19%
Ließ gleich drei Pyramiden errichten, darunter auch die Knickpyramide Altes Reich Snofru
14%
Persischer Pharao, unter dessen Herrschaft viel Wohlstand in Ägypten herrschte, jedoch kam es nach seiner Niederlage gegen die Griechen zu einem Aufstand Spätzeit Dareios I.
9%
Vertrieb die Hyksos aus Ägypten und begründete das Neue Reich Neues Reich Ahmose I.
5%
Letzter einheimischer Pharao Spätzeit Nektanebos II.
2%
Dehnte das Reich bis nach Nubien und Palästina aus Mittleres Reich Sesostris III.
2%
Keine übereinstimmenden Quizze gefunden
Verteilung der Resultate
Anzahl Personen mit jedem Resultat
Perzentil nach korrekt beantworteten Fragen
Ihre Resultats-Entwicklung
Sie haben dieses Quiz noch nicht gespielt